| 000 | 01185cam a2200361 a 4500 | ||
|---|---|---|---|
| 999 |
_c7494 _d7494 |
||
| 001 | 991013620079706706 | ||
| 003 | OSt | ||
| 005 | 20211203115833.0 | ||
| 008 | 141209s2014 sp |||| |||| 000 0 spa|c | ||
| 017 | _aDL M. 30725-2014 | ||
| 020 | _a9788494207365 | ||
| 035 | _a(ES-BaCBU)b62537593-34csuc_network | ||
| 035 | _a(ES-BaCBU).b62537593 | ||
| 035 | _a(ccuc001)b62537593 | ||
| 035 | _a(OCoLC)1120308198 | ||
| 040 |
_aES-BaCBU _bcat _cCDMR |
||
| 043 | _an-us--- | ||
| 100 | 1 | _aAssange, Julian. | |
| 245 | 1 | 0 |
_aCuando Google encontró a Wikileaks / _cJulian Assange ; traducción de Iván Barbeitos García |
| 260 |
_aMadrid : _bClave Intelectual, _c2014 |
||
| 300 |
_a235 p. ; _c22 cm |
||
| 504 | _aReferències bibliogràfiques | ||
| 610 | 2 | 7 |
_aGoogle (Firma) _2lemac |
| 610 | 1 | 0 |
_aWikiLeaks (Organització) _2lemac _94536 |
| 650 | 0 | 0 |
_aInternet _xAspectes polítics _93904 |
| 650 | 0 | 0 |
_aLlibertat d'informació _91574 |
| 650 | 0 | 4 |
_aSeguretat de l'Estat _zEstats Units d'Amèrica |
| 700 | 1 | _aBarbeitos García, Iván, | |
| 907 |
_a.b62537593 _b25-06-21 _c09-12-14 _d09-12-14 _em _fa _g- _hspa _isp _j0 _k0 |
||
| 908 |
_aUAO _aUJI _aUAB |
||
| 940 | _aUAO | ||
| 942 |
_2udc _cMON |
||